Meditaciones de los misterio de nuestra santa fe con la práctica de la oración mental sobre ellos

Detalles Bibliográficos
Autor principal: PUENTE, Luis de la
Formato: Libro
Publicado: Madrid y Santiago 1856
Materias:
Colección:Banco de datos
Acervo:Biblioteca del Ex Convento de Nuestra Señora de Guadalupe. Zacatecas
Descripción Física:t. IV
Tema general:Ascética
Notas:Buena. XVII,9,19 (5535)
LEADER 00742nam a22002050004500
035 |a 44040 
036 |a 5224 
100 1 |a PUENTE, Luis de la 
245 1 0 |a Meditaciones de los misterio de nuestra santa fe con la práctica de la oración mental sobre ellos 
260 |a Madrid y Santiago  |b ed. Angel Calleja  |c 1856 
300 |a t. IV 
500 |a Buena. XVII,9,19 (5535) 
650 1 0 |a Ascética 
949 |a CRZ-CG 
959 |a Ex convento de Nuestra Señora de Guadalupe, Museo Regional de Zacatecas, Zacatecas  |b CCC4 
960 |a Convento de Nuestra Señora de Guadalupe, Zacatecas  |b DD87 
961 |a Franciscana  |b OF 
942 |c CRZ-CG 
943 |g Biblioteca del Ex Convento de Nuestra Señora de Guadalupe. Zacatecas 
999 |c 968167  |d 968167